Sociología histórica /
Guardado en:
| Hovedforfatter: | |
|---|---|
| Andre forfattere: | , |
| Format: | Texto |
| Tags: |
Tilføj Tag
Ingen Tags, Vær først til at tagge denne postø!
|
MARC
| LEADER | 00000 a a2200000 04500 | ||
|---|---|---|---|
| 001 | 47560 | ||
| 003 | |||
| 040 | |||
| 100 | |a Paramio, Ludolfo | ||
| 245 | |a Sociología histórica / |c Ludolfo Paramio, Theda Skocpol, William G. Roy | ||
| 700 | |a Skocpol, Theda | ||
| 700 | |a Roy, William G. | ||
| 773 | |g número12, (1988), 91 páginas | ||
| 999 | |c 20124 |d 20124 | ||
